La dama de las camelias / (Registro nro. 7182)

Detalles MARC
000 -LIDER
fixed length control field 00771nam a2200265 a 4500
001 - NÚMERO DE CONTROL
Identificador de número de control 000039054
003 - IDENTIFICACDOR DE NÚMERO DE CONTROL
control field 000039054
005 - DATE AND TIME OF LATEST TRANSACTION
control field 20180510122428.0
008 - ELEMENTOS DE LONGITUD FIJA
fixed length control field 090917s2009 dr a 000 0 spa d
020 ## - ISBN
International Standard Book Number 9789945460315
040 ## - FUENTE DE CATALOGACIÓN
Agencia que crea de manera original el registro BPMSU
Idioma de catalogación spa
Agencia que realiza la transcripción BPMSU
082 #4 - NÚMERO DE CLASIFICACIÓN DECIMAL DE DEWEY
Classification number 843
Item number D886d
100 1# - ASIENTO PRINCIPAL -- NOMBRE PERSONAL
Nombre personal Dumas, Alejandro,
Fechas asociadas con el nombre 1824-1895
245 13 - MENCIÓN DE TITULO
Título La dama de las camelias /
Mención de responsabilidad Alejandro Dumas.
260 ## - PUBLICACIÓN, DISTRIBUCIÓN, ETC. (PIE DE IMPRENTA)
Lugar de publicación, distribución, etc Santo Domingo :
Nombre del editor, distribuidor, etc. Santuario,
Fecha de publicación, distribución, etc 2009.
300 ## - DESCRIPCIÓN FÍSICA
Extensión 236 p. ;
Dimensiones 23 cm.
490 ## - MENCIÓN DE SERIES
Mención de serie Santuario infantil
Volume/sequential designation 80
650 #4 - ENCABEZAMIENTO DE MATERIA--TEMÁTICO
Término temático o nombre geográfico como elemento de entrada NOVELA FRANCESA
650 #4 - ENCABEZAMIENTO DE MATERIA--TEMÁTICO
Término temático o nombre geográfico como elemento de entrada LITERATURA FRANCESA
830 ## - ASIENTO SECUNDARIO DE SERIE--TÍTULO UNIFORME
Idioma de una obra Santuario infantil ;
Volume number/sequential designation 80
942 ## - ADDED ENTRY ELEMENTS (KOHA)
Source of classification or shelving scheme Dewey Decimal Classification
Koha item type Libros
945 ## - INFORMACIÓN DE PROCESAMIENTO LOCAL
Información de procesamiento local Inventariado, 2018/MFF
956 ## - LOCAL ELECTRONIC LOCATION AND ACCESS (OCLC)
Nombre de host VMATEO
Número de acceso 10
Información de compresión 20130527
Inicio de sesión BPMSU
Procesador de solicitud 0069
956 ## - LOCAL ELECTRONIC LOCATION AND ACCESS (OCLC)
Nombre de host Validado. Control de calidad MFF
Existencias
Withdrawn status Lost status Source of classification or shelving scheme Damaged status Not for loan Collection code Home library Current library Date acquired Total Checkouts Full call number Barcode Date last seen Price effective from Koha item type
    Dewey Decimal Classification     Colección Dominicana Biblioteca Pública Metropolitana Salomé Ureña Biblioteca Pública Metropolitana Salomé Ureña 07/16/2014   843 D886d BPMSU15040615 07/16/2014 07/16/2014 Libros